000 00371nam a22001577a 4500
003 MPLRDC
005 20220104123640.0
008 210129b ||||| |||| 00| 0 eng d
082 _a415.53 YDW
100 _a杨大伟译
245 _a肝脏病防治和食疗
_c
260 _a
_b新医出版社
_c1988
300 _b
650 _a肝病
942 _cBK
_o415.53 YDW
999 _c13085
_d13075